000 00723nam a2200205Ia 4500
008 0000001982 spaa 0000000000spa00
090 _aPSP00 Q82j
100 1 _aQuero, José
_d1932
245 1 0 _aJosé Quero
_b: los engranajes del enigma
300 _a[16] p.
_c/ 26 cm.
500 _aSeparata del No. 1112 de la Revista Cimal \ Con el patronazgo del maestro venezolano Jesús Rafael Soto (q.e.p.d.)
600 0 0 _aQUERO, JOSE, 1932/
_xTRABAJOS PICTORICOS
650 1 4 _aARTE CONTEMPORANEO ESPAÑOL
650 1 4 _aARTISTAS PLASTICOS ESPAÑOLES
650 1 4 _xCATALOGOS
650 1 4 _aDIBUJOS ESPAÑOLES
650 1 4 _xEXPOSICIONES
650 1 4 _aPINTURA ESPAÑOLA
999 _c7361
_d7361
260 _a<Malaga : s.n. >
_c1982